Nimeä käypä valtio #2 - Statistics

Yleistilastot
  • Tätä visaa on pelattu 199 kertaa
  • Keskiarvotulos 14 / 20
Vastaustilastot
Nimeä maa, joka ... Vastaus % Oikein
alkaa Z:lla Zimbabwe
96%
on saarivaltio Välimeressä Kypros | Malta
95%
oli entisen Jugoslavian osa Bosnia ja Hertsegovina | Kroatia | Kosovo | Montenegro | Pohjois-Makedonia | Serbia | Slovenia
94%
on saarivaltio Intian Valtameressä Komorit | Madagaskar | Malediivit | Mauritius | Seychellit | Sri Lanka
86%
koskettaa Punaistamerta Djibouti | Egypti | Eritrea | Israel | Jordania | Saudi-Arabia | Sudan | Jemen
83%
valuutta on Peso Argentiina | Chile | Kolumbia | Kuuba | Dominikaaninen tasavalta | Meksiko | Filippiinit | Uruguay
79%
jolla on alueita 100:n mailin säteellä Yhdysvallioista, mutta ei varsinaista rajaa Bahama | Kuuba | Venäjä
79%
asuu yli 100 milljoonaa muslimia Bangladesh | Intia | Indonesia | Pakistan
76%
on Costa Rican naapurimaa Nicaragua | Panama
74%
virallinen uskonto on Buddhismi Bhutan | Kambodža | Laos | Myanmar | Sri Lanka | Thaimaa
71%
nimi päättyy L:n Israel | Nepal | Senegal
70%
joka koskettaa Persianlahtea Bahrain | Iran | Irak | Kuwait | Oman | Qatar | Saudi-Arabia | Yhdistyneet Arabiemiraatit
69%
joka on lain mukaan yhden puolueen marxistinen valtio Kiina | Kuuba | Laos | Vietnam
68%
lipussa on kotka Albania | Egypti | Kazakstan | Meksiko | Moldova | Montenegro | Serbia | Sambia | Zimbabwe
66%
läpi Mekong virtaa Kambodža | Kiina | Laos | Myanmar | Thaimaa | Vietnam
65%
joissa oli ebola-kuolemia vuonna 2014 Kongon dem. tasavalta | Guinea | Liberia | Nigeria | Sierra Leone
58%
asuu enemmän lehmiä kuin ihmisiä Argentiina | Australia | Irlanti | Uusi-Seelanti
47%
lipussa on Etelän risti Australia | Brasilia | Uusi-Seelanti | Papua-Uusi- Guinea | Samoa
46%
nimi päättyy Y-kirjaimeen Paraguay | Uruguay
36%
nimi on vain yhden tavun pituinen Tsad
34%
Ehtoja vastaavia visoja ei löytynyt
Tulosjakauma
Jokaisen tuloksen saaneiden osuus
Persentiili vastausten määrän mukaan
Tuloshistoriasi
Et ole pelannut tätä visaa